| 000 | 00790cam a2200217 a 4500 | ||
|---|---|---|---|
| 020 | _a0195150015 | ||
| 082 | 0 | 0 |
_a658.15 _bNEW _cN-1, P-90 |
| 100 | 1 |
_aNewnan, Donald G. _924913 |
|
| 245 | 1 | 0 |
_aEssentials of engineering economic analysis / _cDonald G. Newnan, Jerome P. Lavelle, Ted G. Eschenbach. |
| 250 | _a2nd ed. | ||
| 260 |
_aNew York : _bOxford University Press, _c2002. |
||
| 300 |
_ax, 665 p. : _bill. ; _c23 cm. |
||
| 526 |
_a0 _b0 _c0 _d658_150000000000000_NEW |
||
| 650 | 0 | _aEngineering economy. | |
| 650 | 0 |
_aNUST _96342 |
|
| 700 | 1 |
_aEschenbach, Ted. _936210 |
|
| 700 | 1 |
_aLavelle, Jerome P. _924917 |
|
| 856 | 4 | 1 | _uhttp://www.loc.gov/catdir/enhancements/fy0611/2001278248-t.html |
| 856 | 4 | 2 | _uhttp://www.loc.gov/catdir/enhancements/fy0611/2001278248-d.html |
| 942 |
_2ddc _cBK |
||
| 999 |
_c548257 _d548257 |
||